000 02207cam a22001934a 4500
005 20250605164205.0
008 250528s ||||||||||||||||||||||||d
035 _a19884
020 _a9605120801
040 _aGR-AtMCL
_bgre
_dGR-AtMCL
_eAACR2
245 1 _aΕυρωπαϊκές Κατασκευές από Οπλισμένο Σκυρόδεμα / Παραδείγματα Σχεδιασμού με τον Ευρωκώδικα 2: Δομικά Υλικά - Αρχές - Σιαστασιολόγηση Ραβδωτών Φορέων
260 _bΜ. Γκιούρδας,
_c1993
300 _a316
520 _aΤο βιβλίο απευθύνεται σε όσους ασχολούνται ή πρόκειται να ασχοληθούν με το σχεδιασμό του φέροντα οργανισμού των κατασκευών (Πολιτικούς Μηχανικούς, Αρχιτέκτονες και σπουδαστές των αντίστοιχων κλάδων) και φιλοδοξεί να αποτελέσει ένα πολύτιμο βοήθημα στην καθημερινή τους πράξη. Γενικά, Δομικά Υλικά, Επικάλυψη με Συρόδεμα, Υπολογισμός των Εντατικών Μεγεθών, Αρχές της Διαστασιολόγησης, Διαστασιολόγηση σε Κάμψη, Περιορισμός του Εύρους Ρωγμών, Περιορισμός του Βέλους Κάμψης, Διαστασιολόγηση για Τέμνουσες Δυνάμεις, Διαστασιολόγηση για Ροπές Στρέψης, Κάλυψη Εφελκυστικών Δυνάμεων, Οπλισμός με Ραβδοχάλυβα Σκυροδέματος, Περιορισμός των Τάσεων υπό Συνθήκες Λειτουργίας, Θλιβόμενα Μέλη χωρίς Κίνδυνο Λυγισμού, Ευστάθεια Δομικών Στοιχείων από Οπλισμένο Σκυρόδεμα, Πλαισιακοί Φορείς, Βιβλιογραφία, Συμβολισμοί, Ευρετήριο.
700 1 _aAvak Ralf
_96035
942 _cBK
999 _c5127
_d5127